00634nas a2200241 4500000000100000008004100001260001300042653001600055653001900071653001100090653001200101653002500113653003000138653001900168653001900187653005200206653003200258100001300290245005800303300001000361490000700371022001400378 2002 d c2002 Jul10aDNA Primers10aDNA, Bacterial10aHumans10aleprosy10aMycobacterium leprae10apolymerase chain reaction10aRNA, Bacterial10aRNA, Messenger10aReverse Transcriptase Polymerase Chain Reaction10aSensitivity and Specificity1 aSugita Y00a[Speech of Sakurane Award Recipient: PCR in leprosy]. a127-80 v71 a1342-3681